Les James Bond avec Sean Connery (Mort subite) - Statistiques

Statistiques générales
  • Ce quiz a été pris 121 fois
  • Le résultat moyen est 5 sur 7
Answers on the Grid
Answers color-coded by a green-red scale on the quiz's grid according to % correct below.
James Bond 007 contre Dr No
Bons Baisers de Russie
Goldfinger
Opération Tonnerre
On ne vit que deux fois
Les Diamants sont éternels
Jamais plus Jamais
Au Service secret de Sa Majesté
Vivre et laisser Mourir
L'Homme au Pistolet d'Or
L'Espion qui m'aimait
Moonraker
Rien que pour vos Yeux
Octopussy
Dangereusement vôtre
Tuer n'est pas jouer
Permis de Tuer
GoldenEye
Le Monde ne suffit pas
Casino Royale
 
Statistiques - réponses
Réponse % Correct
Goldfinger
79%
James Bond 007 contre Dr No
78%
Bons Baisers de Russie
71%
Opération Tonnerre
62%
Les Diamants sont éternels
60%
Jamais plus Jamais
54%
On ne vit que deux fois
52%
Aucun quiz correspondant
Distribution des résultats
% des personnes avec chaque résultat
Percentile par nombre de réponses
Votre historique - résultats
Vous n’avez pas pris ce quiz